Statistics for Premier League Golden Boot Winners

Click here to take the quiz!

General Stats

  • This quiz has been taken 328 times
  • The average score is 20 of 26

Answer Stats

Year Team # of Goals Player % Correct
2004Arsenal25Thierry Henry
96%
2003Arsenal30Thierry Henry
96%
2005Arsenal27Thierry Henry
96%
2001Arsenal24Thierry Henry
96%
2012Manchester United26Robin Van Persie
95%
2006Chelsea20Didier Drogba
95%
2009Chelsea29Didier Drogba
95%
2011Arsenal30Robin Van Persie
95%
1996Newcastle United25Alan Shearer
92%
1994Blackburn Rovers34Alan Shearer
92%
1995Blackburn Rovers31Alan Shearer
92%
2007Manchester United31Cristiano Ronaldo
88%
LiverpoolMichael Owen
78%
LiverpoolMichael Owen
78%
1993Newcastle United34Andrew Cole
75%
Manchester CityCarlos Tévez
75%
2002Manchester United25Ruud Van Nistelrooy
72%
2010Manchester United20Dimitar Berbatov
71%
1998Manchester United18Dwight Yorke
67%
2008Chelsea19Nicolas Anelka
64%
1999Sunderland30Kevin Phillips
60%
1992Tottenham Hotspur22Teddy Sheringham
56%
2000Chelsea23Jimmy Floyd Hasselbaink
53%
Leeds UnitedJimmy Floyd Hasselbaink
53%
Blackburn RoversChris Sutton
53%
1997Coventry City18Dion Dublin
48%

Score Distribution

Percentile by Number Answered

Percent of People with Each Score

Your Score History

You have not taken this quiz